| 000 | 00362 a2200109 4500 | ||
|---|---|---|---|
| 001 | ART_53258 | ||
| 005 | 20260410161759.0 | ||
| 008 | 260409a | ||
| 245 | 1 | 0 | _aAlgunos aspectos de la reforma al Código Fiscal de la Provincia de Buenos Aires |
| 100 | 1 | _aRadiminski, Carlos L. | |
| 773 | 0 |
_tDoctrina tributaria _g- Nº 343 (oct. 2008) _wREV4296 |
|
| 999 |
_c20453 _d20453 |
||